[Event "AUTO-ADV-3213"]
[Site "http://www.queenalice.com/game.php?id=1301139"]
[Date "2014.8.12"]
[Round "1"]
[White "FisicaModerna"]
[Black "jiujitsubr"]
[Result "0-1"]
[WhiteElo "1746"]
[BlackElo "1856"]

1. e4 c5 2. Ne2 d6 3. d4 cxd4 4. Nxd4 Nf6 5. Nc3 g6 6. Be3 Bg7 7. f3 O-O 8. Qd2
Nc6 9. Bc4 Qc7 10. O-O-O Nd7 11. Nb3 Nb6 12. Be2 Ne5 13. Bxb6 Qxb6 14. Nd5 Qd8
15. f4 Nc6 16. f5 e6 17. fxe6 fxe6 18. Nc3 Be5 19. h4 Rf2 20. h5 Bf4 21. Qxf4
Rxf4 22. hxg6 hxg6 23. Rh6 Qg5 24. Rdh1 Rh4+ 0-1

[Event "AUTO-ADV-3259"]
[Site "http://www.queenalice.com/game.php?id=1313963"]
[Date "2014.10.10"]
[Round "1"]
[White "alvm"]
[Black "jiujitsubr"]
[Result "1-0"]
[WhiteElo "1967"]
[BlackElo "1839"]

1. d4 Nf6 2. c4 g6 3. Nc3 Bg7 4. e4 d6 5. Be2 O-O 6. Nf3 Nbd7 7. O-O c6 8. Bg5
Qc7 9. Rc1 e5 10. d5 Nc5 11. Qc2 a5 12. Rfd1 a4 13. h3 a3 14. b4 Ncd7 15. Be3
cxd5 16. Nxd5 Qd8 17. c5 dxc5 18. bxc5 Ra5 19. c6 bxc6 20. Qxc6 Nxe4 21. Qxc8
Qxc8 22. Rxc8 Rxd5 23. Rxf8+ Kxf8 24. Rxd5 Ndf6 25. Rd8+ Ke7 26. Ra8 Nc3 27. Bc4
e4 28. Bc5+ Kd7 29. Ne5+ Kc7 30. Ra7+ 1-0

[Event "AUTO-ADV-3259"]
[Site "http://www.queenalice.com/game.php?id=1313964"]
[Date "2014.10.10"]
[Round "1"]
[White "jiujitsubr"]
[Black "alvm"]
[Result "0-1"]
[WhiteElo "1826"]
[BlackElo "1682"]

1. d4 Nf6 2. c4 e6 3. Nc3 d5 4. e3 Be7 5. Bd3 O-O 6. Nge2 Nbd7 7. O-O b6 8. f3
Bb7 9. Qc2 dxc4 10. Bxc4 Rc8 11. e4 c5 12. d5 Ne5 13. Bb5 exd5 14. exd5 Nxd5 15.
Rd1 Nb4 16. Qb3 Qc7 17. a3 Nbc6 18. Bf4 Bd6 19. Ne4 Nd4 20. Nxd4 cxd4 21. Rxd4
Bc5 22. Be3 Bxd4 23. Bxd4 Ng4 24. Bd3 Qxh2+ 25. Kf1 Qh1+ 26. Bg1 Bd5 27. Qb4
Ne3+ 28. Kf2 Nf5 29. Ng3 Nxg3 30. Kxg3 Qh5 31. Be3 f5 32. Rd1 Rf6 33. Kf2 Re8
34. Bb5 Rd8 35. Bc4 Qh4+ 36. Kg1 Re6 37. Bf2 Qxc4 38. Qxc4 Bxc4 39. Rxd8+ Kf7
40. Bh4 h6 41. Rd7+ Kg6 42. Rxa7 Re2 43. b4 Kh5 44. Bg3 g5 45. Bf2 Ra2 46. Bxb6
Kh4 47. Bc7 h5 48. a4 f4 49. Bb6 Kg3 50. Kh1 Rxg2 51. Rg7 Rh2+ 52. Kg1 Rg2+ 53.
Kh1 Kxf3 54. Bc7 Rg4 55. Bd8 Kf2 56. Bxg5 Bd5+ 57. Kh2 Rg2+ 58. Kh3 Be6+ 0-1

[Event "AUTO-ADV-3259"]
[Site "http://www.queenalice.com/game.php?id=1313977"]
[Date "2014.10.10"]
[Round "1"]
[White "chessman"]
[Black "jiujitsubr"]
[Result "1/2-1/2"]
[WhiteElo "2016"]
[BlackElo "1800"]

1. e4 c5 2. Nf3 d6 3. Bb5+ Bd7 4. Bxd7+ Qxd7 5. O-O Nf6 6. e5 dxe5 7. Nxe5 Qb5
8. c3 e6 9. d4 cxd4 10. cxd4 Be7 11. Nc3 Qb6 12. d5 exd5 13. Nxd5 Nxd5 14. Qxd5
O-O 15. Be3 Qd6 16. Qxd6 Bxd6 17. Nc4 Be7 18. Rfd1 Nc6 19. Rd7 Bf6 20. Rxb7 Rfc8
21. Rb1 Nd4 22. b3 Rd8 23. Kf1 a5 24. Rd1 a4 25. Nb6 axb3 26. axb3 Nxb3 27.
Rxd8+ Rxd8 28. Nd7 Na5 29. Nxf6+ gxf6 30. Rc7 Kg7 31. Bb6 Rd1+ 32. Ke2 Ra1 33.
Bxa5 Rxa5 1/2-1/2

[Event "AUTO-ADV-3259"]
[Site "http://www.queenalice.com/game.php?id=1313978"]
[Date "2014.10.10"]
[Round "1"]
[White "jiujitsubr"]
[Black "chessman"]
[Result "0-1"]
[WhiteElo "1853"]
[BlackElo "1999"]

1. d4 d5 2. c4 c6 3. Nc3 Nf6 4. e3 e6 5. Bd3 Be7 6. Nge2 O-O 7. O-O Re8 8. f3
Nbd7 9. Qc2 Nf8 10. e4 dxe4 11. fxe4 h6 12. h3 a6 13. e5 N6d7 14. Ng3 Nb6 15.
Be3 Nbd7 16. Rf3 f5 17. exf6 Nxf6 18. Raf1 b5 19. cxb5 cxb5 20. Nge4 Nd5 21.
Nxd5 exd5 22. Nc5 Bf6 23. Qd2 Bg5 24. Rxf8+ Rxf8 25. Rxf8+ Kxf8 26. Bxg5 Qxg5
27. Qb4 Kg8 28. Qe1 Bxh3 29. g3 Qf6 30. Kh2 Qxd4 31. Kxh3 Qxc5 32. Qe6+ Kf8 33.
Bg6 Qc8 34. Qxc8+ Rxc8 35. Bf5 Rd8 36. Bd3 Kf7 37. Kg4 Kf6 38. Kf4 h5 39. b3 g5+
40. Kf3 Ke5 41. Ke3 h4 42. gxh4 gxh4 43. Bf1 Rg8 44. Kf2 Rf8+ 45. Kg2 Rxf1 46.
Kxf1 Kd4 47. Kf2 Kd3 48. Kf3 d4 49. Kg4 Ke2 50. Kxh4 d3 0-1

[Event "AUTO-ADV-3259"]
[Site "http://www.queenalice.com/game.php?id=1313987"]
[Date "2014.10.10"]
[Round "1"]
[White "jiujitsubr"]
[Black "Tonto"]
[Result "0-1"]
[WhiteElo "1826"]
[BlackElo "1839"]

1. d4 d5 2. c4 Nf6 3. Nc3 dxc4 4. e3 Nc6 5. Bxc4 e6 6. Nge2 e5 7. O-O a6 8. d5
Nb4 9. e4 Bc5 10. Kh1 Qd6 11. f4 Ng4 12. fxe5 Qxe5 13. Bf4 Qh5 14. a3 Nf2+ 15.
Rxf2 Bxf2 16. axb4 Bg4 17. Qa4+ Ke7 18. Ng3 b5 19. Bxb5 axb5 20. Qxa8 Rxa8 21.
Rxa8 Qg6 22. d6+ cxd6 23. Ra7+ Bxa7 24. Nd5+ Kd7 25. h3 Bf2 0-1

[Event "AUTO-ADV-3259"]
[Site "http://www.queenalice.com/game.php?id=1313988"]
[Date "2014.10.10"]
[Round "1"]
[White "Tonto"]
[Black "jiujitsubr"]
[Result "0-1"]
[WhiteElo "1854"]
[BlackElo "1836"]

1. e4 c5 2. d4 cxd4 3. Qxd4 d6 4. Nc3 Nf6 5. Nf3 g6 6. e5 Nc6 7. Qa4 dxe5 8. Bc4
Qc7 9. O-O Bg7 10. Ng5 O-O 11. Bxf7+ Rxf7 12. Qc4 e6 13. Nxf7 Kxf7 14. Be3 Bd7
15. Nb5 Qb8 16. Rad1 Bf8 17. Bg5 a6 18. Bxf6 Kxf6 19. Rxd7 axb5 20. Qh4+ g5 21.
Qh6+ Bxh6 22. Rxh7 Kg6 23. Rd7 Rxa2 24. Rfd1 Nd4 25. Kf1 Rxb2 26. c3 Qc8 27. Re7
Qxc3 28. h3 Qc2 29. Re1 Qxf2# 0-1

[Event "AUTO-OPEN-3350"]
[Site "http://www.queenalice.com/game.php?id=1314059"]
[Date "2014.10.10"]
[Round "1"]
[White "jiujitsubr"]
[Black "TITAN10"]
[Result "1-0"]
[WhiteElo "1809"]
[BlackElo "1836"]

1. d4 Nf6 2. c4 e6 3. Nc3 c5 4. d5 d6 5. e4 e5 6. f4 Bg4 7. Be2 Bxe2 8. Ngxe2
Nbd7 9. O-O a6 10. Rf3 Qc7 11. fxe5 dxe5 12. Be3 Bd6 13. Ng3 O-O-O 14. Nf5 Rhg8
15. Nxd6+ Qxd6 16. Qb3 Kb8 17. Na4 b6 18. Raf1 Ka7 19. Bg5 h6 20. Bxf6 Nxf6 21.
Nc3 Rgf8 22. a4 Rd7 23. a5 Rb7 24. axb6+ Rxb6 25. Qa4 Rb4 26. Nb5+ Rxb5 27. cxb5
Qb6 28. Ra3 Qxb5 29. Qxb5 1-0

[Event "AUTO-OPEN-3350"]
[Site "http://www.queenalice.com/game.php?id=1314060"]
[Date "2014.10.10"]
[Round "1"]
[White "TITAN10"]
[Black "jiujitsubr"]
[Result "0-1"]
[WhiteElo "1895"]
[BlackElo "1837"]

1. e4 c5 2. Nf3 d6 3. d4 cxd4 4. Nxd4 Nf6 5. Bd3 e6 6. O-O Be7 7. h3 Nc6 8. Nb3
O-O 9. c3 a6 10. Be3 d5 11. exd5 Nxd5 12. Qc2 h6 13. Re1 Nxe3 14. Rxe3 a5 15.
N1d2 a4 16. Nd4 Nxd4 17. cxd4 Qxd4 18. Nf3 Qc5 19. Rc1 Qxc2 20. Rxc2 a3 21. b3
Bd7 22. Rc7 Rfd8 23. Rxb7 Bc5 24. Re5 Bf8 25. Bc4 Bc6 26. Rb6 Rd1+ 27. Kh2 Bxf3
28. gxf3 Bd6 29. Rxd6 Rxd6 30. Re2 Rc8 31. Kg3 Rd4 32. f4 Rdxc4 33. bxc4 Rxc4
34. Re3 Ra4 35. f3 Kf8 36. Rc3 Ke7 37. Rc7+ Kf6 38. h4 g6 39. Rc3 e5 40. fxe5+
Kxe5 41. Kf2 Rxh4 42. Rxa3 g5 43. Ra7 Rf4 44. Ra6 h5 45. Ra5+ Kf6 46. Kg3 h4+
47. Kg2 Kg6 48. Re5 Ra4 49. Re2 Kh5 50. Kh3 f5 51. Kh2 g4 52. fxg4+ fxg4 53.
Re5+ Kg6 54. Re2 Ra3 55. Kg2 h3+ 56. Kh2 Kg5 57. Rc2 Kh4 58. Kh1 Kg3 59. Kg1 Re3
60. Rc1 h2+ 61. Kh1 Kh3 62. a4 g3 0-1

[Event "AUTO-OPEN-3350"]
[Site "http://www.queenalice.com/game.php?id=1314061"]
[Date "2014.10.10"]
[Round "1"]
[White "jiujitsubr"]
[Black "duschgel"]
[Result "1-0"]
[WhiteElo "1811"]
[BlackElo "2046"]

1. d4 Nf6 2. c4 g6 3. Nc3 d5 4. e3 Bg7 5. cxd5 Nxd5 6. f3 e5 7. e4 Nxc3 8. bxc3
exd4 9. cxd4 Bxd4 10. Rb1 Bc3+ 11. Bd2 Bxd2+ 12. Qxd2 Qxd2+ 13. Kxd2 O-O 14. Bd3
Nc6 15. Ne2 b6 16. Rhc1 Ne5 17. Rxc7 Rd8 18. Rb3 Be6 19. Rbc3 Bxa2 20. Nf4 b5
21. Ke3 b4 22. R3c5 Nxd3 23. Nxd3 b3 24. Rb7 a5 25. Rcc7 a4 26. Rxf7 b2 27. Rg7+
Kf8 28. Nxb2 a3 29. Nd3 Bg8 30. Nb4 Ke8 31. Rxg8# 1-0

[Event "AUTO-OPEN-3350"]
[Site "http://www.queenalice.com/game.php?id=1314062"]
[Date "2014.10.10"]
[Round "1"]
[White "duschgel"]
[Black "jiujitsubr"]
[Result "1-0"]
[WhiteElo "2091"]
[BlackElo "1843"]

1. c4 Nf6 2. g3 g6 3. Bg2 Bg7 4. Nc3 O-O 5. e4 d6 6. Nge2 c6 7. O-O Nbd7 8. d3
Qc7 9. h3 e5 10. f4 Nc5 11. f5 a5 12. g4 a4 13. Ng3 Qb6 14. Be3 Qxb2 15. Bxc5
dxc5 16. Nxa4 Qd4+ 17. Kh2 b5 18. Nb6 Ra3 19. Rf3 Qd8 20. Nxc8 Qxc8 21. g5 Nd7
22. f6 Bh8 23. h4 b4 24. Bh3 Rd8 25. h5 Qc7 26. hxg6 hxg6 27. Qf1 Nf8 28. Bf5
Raxd3 29. Rxd3 Rxd3 30. Qxd3 Ne6 31. Bxe6 fxe6 32. Rd1 Kf7 33. Qd7+ Qxd7 34.
Rxd7+ Kg8 35. Rd6 1-0

[Event "AUTO-OPEN-3388"]
[Site "http://www.queenalice.com/game.php?id=1324791"]
[Date "2014.11.28"]
[Round "1"]
[White "Magogue"]
[Black "jiujitsubr"]
[Result "1/2-1/2"]
[WhiteElo "2154"]
[BlackElo "1842"]

1. e4 c5 2. Nf3 d6 3. d4 cxd4 4. Nxd4 Nf6 5. Nc3 g6 6. Be2 Bg7 7. O-O O-O 8. Be3
Nc6 9. Qd2 Nd7 10. Nxc6 bxc6 11. Bf3 Ne5 12. Be2 Be6 13. b3 Bg4 14. Bxg4 Nxg4
15. Rab1 Nxe3 16. Qxe3 Qa5 17. Na4 c5 18. c4 Bd4 19. Qe2 Rab8 20. Qe1 Qc7 21. g3
Qd7 22. Kg2 Qg4 23. f3 Qe6 24. Nc3 a6 25. Ne2 Bg7 26. Nf4 Qd7 27. Nd5 e6 28. Ne3
a5 29. Qxa5 Ra8 30. Qd2 Ra3 31. Rfc1 Rfa8 32. Rc2 Bd4 33. Nd1 f5 34. exf5 exf5
35. Nc3 Bxc3 36. Qxc3 Rxa2 37. Rxa2 Rxa2+ 38. Rb2 Rxb2+ 1/2-1/2

[Event "AUTO-OPEN-3388"]
[Site "http://www.queenalice.com/game.php?id=1324792"]
[Date "2014.11.28"]
[Round "1"]
[White "jiujitsubr"]
[Black "Magogue"]
[Result "0-1"]
[WhiteElo "1828"]
[BlackElo "2077"]

1. d4 d5 2. c4 dxc4 3. Nc3 e6 4. e3 Nf6 5. Bxc4 c6 6. Nge2 b5 7. Bd3 Bb4 8. O-O
O-O 9. Qc2 Bb7 10. f3 g6 11. e4 Re8 12. Bg5 Be7 13. Qd2 Nfd7 14. Bh6 Bf8 15.
Bxf8 Nxf8 16. e5 Nbd7 17. Ng3 Nb6 18. Qf2 Nfd7 19. Nge4 Nc8 20. f4 f5 21. exf6
Nxf6 22. Rae1 Nb6 23. Re3 Qxd4 24. Qh4 Qxe3+ 25. Kh1 Nxe4 26. Bxe4 Nd5 27. f5
exf5 28. Bxd5+ cxd5 29. Nxb5 Qe2 0-1

[Event "AUTO-OPEN-3388"]
[Site "http://www.queenalice.com/game.php?id=1324819"]
[Date "2014.11.28"]
[Round "1"]
[White "frsten"]
[Black "jiujitsubr"]
[Result "1-0"]
[WhiteElo "2004"]
[BlackElo "1852"]

1. d4 Nf6 2. Nf3 g6 3. Bf4 Bg7 4. e3 d6 5. h3 O-O 6. Be2 Nbd7 7. O-O c6 8. c3
Qc7 9. Bh2 e5 10. Na3 Ne4 11. Nd2 f5 12. Qc2 Nxd2 13. Qxd2 a5 14. dxe5 dxe5 15.
Rad1 Nc5 16. Qc2 Be6 17. Bc4 Bxc4 18. Nxc4 Qe7 19. Kh1 e4 20. Bd6 1-0

[Event "AUTO-OPEN-3388"]
[Site "http://www.queenalice.com/game.php?id=1324820"]
[Date "2014.11.28"]
[Round "1"]
[White "jiujitsubr"]
[Black "frsten"]
[Result "1-0"]
[WhiteElo "1822"]
[BlackElo "1914"]

1. d4 Nc6 2. d5 Ne5 3. e4 e6 4. c4 exd5 5. cxd5 Nf6 6. Nc3 Bc5 7. f3 d6 8. a3 a6
9. f4 Neg4 10. h3 Nf2 11. Qf3 Nxh1 12. Nge2 O-O 13. g4 Re8 14. Qxh1 c6 15. dxc6
bxc6 16. e5 dxe5 17. fxe5 Rxe5 18. Qxc6 Ra7 19. Bf4 Bb7 20. Qa4 Re6 21. Rd1 Qe8
22. Qc4 Rc6 23. Qd3 Rc8 24. g5 Ne4 25. Nxe4 Bxe4 26. Qg3 Rd7 27. Rc1 Bd3 28. b4
Bxb4+ 29. axb4 Rxc1+ 30. Bxc1 Qe7 31. Qb8+ Rd8 32. Qb6 Rd6 33. Qc5 Qd8 34. Bf4
Re6 35. Qc7 Qe8 36. Qb8 Qxb8 37. Bxb8 Rb6 38. Nf4 Bxf1 39. Kxf1 Rxb8 40. Nd5 Rb5
41. Nc7 Rxb4 42. Nxa6 Rb2 43. Kg1 Kf8 44. Nc5 Ke7 45. Ne4 Ke6 46. Kh1 1-0

[Event "AUTO-OPEN-3388"]
[Site "http://www.queenalice.com/game.php?id=1324837"]
[Date "2014.11.28"]
[Round "1"]
[White "Pagano"]
[Black "jiujitsubr"]
[Result "1-0"]
[WhiteElo "2033"]
[BlackElo "1841"]

1. e4 c5 2. Nf3 d6 3. c3 Nf6 4. Bc4 Nxe4 5. Qa4+ Nc6 6. Bxf7+ Kxf7 7. Qxe4 e6 8.
d4 cxd4 9. O-O Be7 10. cxd4 Rf8 11. Qxh7 Rh8 12. Qe4 Bf6 13. Nc3 Qc7 14. Bf4 e5
15. dxe5 dxe5 16. Nd5 Qd8 17. Bxe5 Nxe5 18. Nxe5+ Bxe5 19. Qxe5 Be6 20. Rad1 Qh4
21. Qc7+ Ke8 22. Rfe1 Rh6 23. Qe5 Kf7 24. Re3 Rh5 25. Qxe6+ 1-0

[Event "AUTO-OPEN-3388"]
[Site "http://www.queenalice.com/game.php?id=1324838"]
[Date "2014.11.28"]
[Round "1"]
[White "jiujitsubr"]
[Black "Pagano"]
[Result "1/2-1/2"]
[WhiteElo "1822"]
[BlackElo "2040"]

1. d4 d5 2. c4 c6 3. Nc3 Nf6 4. e3 Bf5 5. cxd5 Nxd5 6. f3 e6 7. e4 Nxc3 8. bxc3
Bxe4 9. fxe4 Qh4+ 10. Kd2 Qxe4 11. Nf3 c5 12. Bd3 Qg4 13. Qa4+ Nd7 14. Rg1 cxd4
15. cxd4 Bd6 16. Ke2 e5 17. Bb5 exd4 18. Bxd7+ Qxd7 19. Qxd7+ Kxd7 20. Kd3 Rac8
21. h3 Rc7 22. Nxd4 Rhc8 23. Nb5 Rc4 24. Nxd6 Kxd6 25. Bb2 f6 26. Rac1 Rxc1 27.
Rxc1 Re8 28. Rc2 a6 29. Ba3+ 1/2-1/2

[Event "AUTO-ADV-3299"]
[Site "http://www.queenalice.com/game.php?id=1324893"]
[Date "2014.11.28"]
[Round "1"]
[White "r_maltz"]
[Black "jiujitsubr"]
[Result "1-0"]
[WhiteElo "1935"]
[BlackElo "1854"]

1. d4 Nf6 2. c4 g6 3. Nf3 Bg7 4. Nc3 d6 5. g3 O-O 6. Bg2 c6 7. O-O Nbd7 8. e4
Qc7 9. h3 e5 10. d5 Nc5 11. Nd2 Nd3 12. Nb3 Nc5 13. Nxc5 dxc5 14. f4 exf4 15.
Bxf4 Qb6 16. Na4 Qb4 17. Bd6 Nxe4 18. Bxf8 Nxg3 19. Bxc5 Qa5 20. Re1 Bxb2 21.
Bd4 Bxd4+ 22. Qxd4 Qxa4 23. Re8# 1-0

[Event "AUTO-ADV-3299"]
[Site "http://www.queenalice.com/game.php?id=1324894"]
[Date "2014.11.28"]
[Round "1"]
[White "jiujitsubr"]
[Black "r_maltz"]
[Result "0-1"]
[WhiteElo "1833"]
[BlackElo "1952"]

1. d4 e6 2. c4 Bb4+ 3. Nc3 Nf6 4. e3 b6 5. Bd3 Bb7 6. f3 O-O 7. Ne2 c5 8. a3 Ba5
9. O-O d5 10. Qc2 a6 11. cxd5 exd5 12. dxc5 bxc5 13. Ng3 c4 14. Be2 Bb6 15. Rd1
Qc7 16. Kh1 Re8 17. e4 d4 18. Nd5 Nxd5 19. exd5 d3 20. Bxd3 cxd3 21. Qxd3 Nd7
22. Ne4 Qe5 23. Rb1 Nc5 24. Nxc5 Bxc5 25. b4 Bd6 26. f4 Qh5 27. h3 Rad8 28. b5
axb5 29. Qxb5 Qxd1+ 30. Kh2 Bxd5 31. Be3 Qc2 32. Rc1 Qxg2# 0-1

[Event "AUTO-ADV-3299"]
[Site "http://www.queenalice.com/game.php?id=1324905"]
[Date "2014.11.28"]
[Round "1"]
[White "rmvwoods"]
[Black "jiujitsubr"]
[Result "1/2-1/2"]
[WhiteElo "1961"]
[BlackElo "1820"]

1. e4 c5 2. Nf3 d6 3. d4 cxd4 4. Nxd4 Nf6 5. Nc3 a6 6. Bg5 e6 7. Qf3 Be7 8.
O-O-O O-O 9. Bd3 Nc6 10. Nxc6 bxc6 11. e5 Nd5 12. Bxe7 Qxe7 13. Nxd5 cxd5 14.
exd6 Qxd6 15. h4 Rb8 16. h5 Qe5 17. c3 a5 18. Rde1 Qg5+ 19. Kb1 a4 20. g4 Qd2
21. Re2 Rxb2+ 22. Ka1 Rxa2+ 23. Kb1 Rb2+ 24. Ka1 Ra2+ 25. Kb1 Rb2+ 1/2-1/2

[Event "AUTO-ADV-3299"]
[Site "http://www.queenalice.com/game.php?id=1324906"]
[Date "2014.11.28"]
[Round "1"]
[White "jiujitsubr"]
[Black "rmvwoods"]
[Result "0-1"]
[WhiteElo "1831"]
[BlackElo "1950"]

1. d4 d5 2. c4 e6 3. Nc3 Nf6 4. e3 Bb4 5. Bd3 c5 6. cxd5 Nxd5 7. Ne2 cxd4 8.
exd4 Nc6 9. O-O O-O 10. Qc2 f5 11. a3 Bd6 12. Nxd5 exd5 13. Ng3 Nxd4 14. Qd1 f4
15. Nh5 g6 16. Bxg6 hxg6 17. Qxd4 gxh5 18. Qxd5+ Kg7 19. Qxh5 Rh8 20. Qb5 Qh4
21. h3 Bxh3 22. Qxb7+ Kf6 23. Qf3 Bg4 0-1

[Event "AUTO-ADV-3299"]
[Site "http://www.queenalice.com/game.php?id=1324913"]
[Date "2014.11.28"]
[Round "1"]
[White "jiujitsubr"]
[Black "Corvidae"]
[Result "0-1"]
[WhiteElo "1852"]
[BlackElo "1878"]

1. d4 d5 2. c4 e6 3. Nc3 c6 4. e3 Nf6 5. Bd3 dxc4 6. Bxc4 b5 7. Bd3 Bb4 8. Ne2
Bb7 9. f3 O-O 10. Qc2 g6 11. e4 Nbd7 12. O-O Re8 13. Bg5 Be7 14. f4 Ng4 15. h3
Ne3 16. Bxe7 Qxe7 17. Qd2 Nxf1 18. Rxf1 Kg7 19. f5 exf5 20. exf5 Qe3+ 21. Qxe3
Rxe3 22. Be4 Nf6 23. Bb1 b4 24. fxg6 hxg6 25. Kf2 Rae8 0-1

[Event "AUTO-ADV-3299"]
[Site "http://www.queenalice.com/game.php?id=1324914"]
[Date "2014.11.28"]
[Round "1"]
[White "Corvidae"]
[Black "jiujitsubr"]
[Result "1-0"]
[WhiteElo "1866"]
[BlackElo "1855"]

1. d4 Nf6 2. c4 g6 3. Nc3 Bg7 4. e4 d6 5. Be2 O-O 6. Nf3 Nbd7 7. O-O c6 8. Qc2
Qc7 9. Be3 e5 10. d5 Nc5 11. Bxc5 dxc5 12. Rad1 cxd5 13. cxd5 Rd8 14. b3 a6 15.
Rd2 b5 16. Rfd1 Qd6 17. h3 b4 18. Na4 Bf8 19. Nb2 Bh6 20. Rd3 Nxe4 21. Nc4 Qf6
22. Ncxe5 Bf5 23. g4 Bf4 24. gxf5 Bxe5 25. Nxe5 Qxe5 26. Re3 gxf5 27. Bf3 Rxd5
28. Rxd5 Qxd5 29. Bxe4 fxe4 30. Rxe4 Kh8 31. Rh4 Qg5+ 32. Rg4 Qf6 33. Qxc5 Rd8
34. Kg2 Rd2 35. Qf8# 1-0